|
|
|
|
| LEADER |
00000nam0a2200000 4500 |
| 001 |
70002 |
| 005 |
20231031080850.0 |
| 010 |
|
|
|a 546901066X
|
| 035 |
|
|
|a (RuTPU)RU\TPU\book\74542
|
| 090 |
|
|
|a 70002
|
| 100 |
|
|
|a 20041109d2006 m y0rusy50 ca
|
| 101 |
1 |
|
|a rus
|c eng
|
| 102 |
|
|
|a RU
|
| 105 |
|
|
|a a j 001zy
|
| 200 |
1 |
|
|a AutoCAD 2006
|e экспресс-курс
|e пер. с англ.
|f Дж. Омура
|
| 210 |
|
|
|a СПб.
|c Питер
|d 2006
|
| 215 |
|
|
|a 416 с.
|c ил.
|
| 320 |
|
|
|a Библиогр.: с. 401-415
|
| 333 |
|
|
|a Исключено из фонда НТБ ТПУ
|
| 700 |
|
1 |
|a Омура
|b Дж.
|g Джордж
|
| 801 |
|
1 |
|a RU
|b 63413507
|c 20041109
|g PSBO
|
| 801 |
|
2 |
|a RU
|b 63413507
|c 20150905
|g PSBO
|
| 942 |
|
|
|c BK
|